00178nam a2200061Ia 4500245002800000100004700028008004100075 0aMaskers in Glimlagland  a BERGH, Rene Pretoria, 2004 1ste druk 210818s9999 xx 000 0 und d